• 首页
  • 本馆介绍
  • 公告通知
  • 最新文献
  • 馆藏检索
  • 电子资源
  • 读者导购
  • 参考咨询
  • 我的图书馆
  • 登录
  • 详细信息显示
  • 放入我的书架
  • 预约/预借图书
  • 作者相关作品
  • 分类相关作品
  • 丛书相关作品
  • 出版社相关作品

书目信息

  • 表格格式
  • 工作单格式
  • 卡片格式
书名: Speed dictation with previews in Gregg shorthand, series 90
作者: Charles E. Zoubek, Gregg A. Condon ; shorthand written by Jerome P. Edelman.
分册号:
分册名:
出版地: New York :
 
出版社: Gregg Division/McGraw-Hill
出版时间: c1979.
页数: xiv, 286 p. ;
开本: 24 cm.
丛书名:
中图分类号:
科图分类号:
其他分类号: H319.9
主题词:
电子资源:
000 00878pam a2200253 i 450
001 E0753528640
005 20070513145633.35
008 770124s1979 nyu 000 0 eng
010    @a77000871
020    @a0070730458.
035    @A(DLC) 77000871
040    @aDLC@cDLC@dDLC
050 00 @aZ56@b.Z98
082 00 @a653/.427042/4
090    @aH319.9
099    @dH319.9@ex49
100 1  @aZoubek, Charles E.,@d1913-
245 10 @aSpeed dictation with previews in Gregg shorthand, series 90 / @cCharles E. Zoubek, Gregg A. Condon ; shorthand written by Jerome P. Edelman.
260    @aNew York :@bGregg Division/McGraw-Hill,@cc1979.
300    @axiv, 286 p. ;@c24 cm.
650  0 @aShorthand@xGregg@xExercises for dictation.
700 1  @aCondon, Gregg A.,@d1947-@ejoint author.
906    @a7@bcbc@corignew@d1@eocip@f19@gy-gencatlg
991    @bc-GenColl@hZ56@i.Z98@tCopy 1@wBOOKS
    
    Speed dictation with previews in Gregg shorthand, series 90 / / Charles E. Zoubek, Gregg A. Condon ; shorthand written by Jerome P. Edelman.-New York : : Gregg Division/McGraw-Hill, , c1979.
    xiv, 286 p. ; ; 24 cm.
    
    
    ISBN 0070730458.
    
●
相关链接 在E读中查询图书 在五车中查询图书 在当当中查询图书 在豆瓣中查询图书


正题名:Speed dictation with previews in Gregg shorthand, series 90     索取号:H319.9/x49         预约/预借

序号 登录号 条形码 馆藏地/架位号 状态 备注
1 0008730   300087304   第二样本阅览室/ [索取号:H319.9/x49] 在馆    
唐山师范学院图书馆 欢迎您!
大连网信软件有限公司© 版权所有